000
00327nam a22001457a 4500
008
211019b ||||| |||| 00| 0 eng d
020
_a
9780256124057
041
_a
eng
080
_2
2nd
_a
336
082
_a
336
100
_a
56
101
_a
FIN
245
_a
Corporate Financial Reporting
_c
Brownlee,E.R
942
_2
udc
_c
BK
999
_c
58278
_d
58278